[Event "SCO Teams"]
[Site "Qingdao"]
[Date "2019.09.17"]
[Round "6.3"]
[White "Antonova, Nadezhda"]
[Black "Mu, Ke"]
[Result "0-1"]
[WhiteElo "1930"]
[BlackElo "2414"]
[PlyCount "55"]
[EventDate "2019.09.15"]
[EventType "team-tourn"]
[EventRounds "9"]
[EventCountry "CHN"]
[SourceTitle "EXT 2020"]
[Source "ChessBase"]
[SourceDate "2019.10.17"]
[SourceVersion "1"]
[SourceVersionDate "2019.10.17"]
[SourceQuality "1"]
[WhiteTeam "Tajikistan"]
[BlackTeam "China II"]
[WhiteTeamCountry "TJK"]
[BlackTeamCountry "CHN"]

1. Nf3 d5 2. d4 Nf6 3. e3 c6 4. c4 e6 5. Nc3 Nbd7 6. cxd5 exd5 7. Bd3 Bd6 8. 0-0 0-0 9. Qc2 Re8 10. Bd2 Qe7 11. Rfc1 Ne4 12. a3 Ndf6 13. h3 h6 14. b4 a6 15. Na4 Bf5 16. Nc5 Rac8 17. Bc3 Bh7 18. Rab1 Rc7 19. a4 g5 20. Qe2 h5 21. Bxe4 Nxe4 22. Nxe4 Bxe4 23. Rb2 g4 24. hxg4 hxg4 25. Ne5 Bxe5 26. dxe5 Qh4 27. Bd4 Re6 28. f3 0-1

[Event "SCO Teams"]
[Site "Qingdao"]
[Date "2019.09.15"]
[Round "3.12"]
[White "Wen, Yang"]
[Black "Mu, Ke"]
[Result "1-0"]
[WhiteElo "2586"]
[BlackElo "2414"]
[PlyCount "159"]
[EventDate "2019.09.15"]
[EventType "team-tourn"]
[EventRounds "9"]
[EventCountry "CHN"]
[SourceTitle "EXT 2020"]
[Source "ChessBase"]
[SourceDate "2019.10.17"]
[SourceVersion "1"]
[SourceVersionDate "2019.10.17"]
[SourceQuality "1"]
[WhiteTeam "China"]
[BlackTeam "China II"]
[WhiteTeamCountry "CHN"]
[BlackTeamCountry "CHN"]

1. e4 e6 2. f4 d5 3. e5 c5 4. Nf3 Nc6 5. c3 Bd7 6. Na3 Nh6 7. Nc2 Qb6 8. Rb1 Be7 9. a3 Na5 10. d4 Ba4 11. b4 cxd4 12. Nfxd4 Rc8 13. Be3 Nc4 14. Bxc4 Rxc4 15. Qd3 Ng4 16. Bg1 Qc7 17. Kd2 Bxc2 18. Qxc2 0-0 19. h3 Nxe5 20. fxe5 Bg5+ 21. Ke2 Rxc3 22. Qa2 Qxe5+ 23. Kf1 Rfc8 24. Re1 Rc1 25. Nf3 Rxe1+ 26. Nxe1 Rc1 27. Qe2 Qc3 28. Bf2 d4 29. Qb5 h6 30. h4 Bd2 31. Rh3 Qa1 32. Qe2 Bc3 33. Rg3 Kh8 34. Rf3 Kg8 35. g3 Qxa3 36. Kg2 Qb2 37. Qxb2 Bxb2 38. Nd3 Rc2 39. Rf4 Bc3 40. Re4 Rd2 41. Ne5 Bxb4 42. Nf3 Ra2 43. Nxd4 Bc5 44. Ne2 Bxf2 45. Kxf2 a5 46. Ke3 b5 47. Re5 b4 48. Rb5 g6 49. Nd4 Kg7 50. g4 Ra3+ 51. Ke4 Ra1 52. Nf3 Ra2 53. g5 h5 54. Ne5 Re2+ 55. Kd3 Rh2 56. Rb7 Rh3+ 57. Kd2 Rxh4 58. Rxf7+ Kg8 59. Ra7 Rh2+ 60. Kd3 Rg2 61. Ra8+ Kg7 62. Ra7+ Kg8 63. Ra8+ Kg7 64. Ra7+ Kg8 65. Nd7 h4 66. Ke4 Re2+ 67. Kf3 Rd2 68. Nf6+ Kf8 69. Rxa5 b3 70. Ra8+ Ke7 71. Ra7+ Kd8 72. Rb7 b2 73. Kg4 Rg2+ 74. Kxh4 Kc8 75. Rb3 Kc7 76. Ne4 Kc6 77. Nc3 Rc2 78. Nd1 Rc4+ 79. Kg3 Rc5 80. Kf4 1-0

[Event "Pfalz op 10th"]
[Site "Neustadt an der Weinstrasse"]
[Date "2019.03.05"]
[Round "9"]
[White "Pajeken, Jakob Leon"]
[Black "Mu, Ke"]
[Result "0-1"]
[WhiteElo "2339"]
[BlackElo "2414"]
[PlyCount "132"]
[EventDate "2019.03.01"]
[EventType "swiss"]
[EventRounds "9"]
[EventCountry "GER"]
[SourceTitle "CBM 189 Extra"]
[Source "ChessBase"]
[SourceDate "2019.06.03"]
[SourceVersion "1"]
[SourceVersionDate "2019.06.03"]
[SourceQuality "1"]

1. d4 Nf6 2. Nf3 g6 3. g3 Bg7 4. Bg2 0-0 5. 0-0 d6 6. b3 a5 7. Bb2 a4 8. c4 c6 9. Nbd2 d5 10. Ne5 Ng4 11. Nxg4 Bxg4 12. h3 Be6 13. e3 Na6 14. Qe2 Qd7 15. Kh2 Rfd8 16. Rfd1 b5 17. cxb5 cxb5 18. bxa4 bxa4 19. Ba3 Nc7 20. Rdc1 Rab8 21. Rab1 h5 22. Nf3 Bf5 23. Rxb8 Rxb8 24. Nh4 Bb1 25. Bf1 Ne8 26. Rc5 g5 27. Ng2 Bg6 28. h4 Nf6 29. hxg5 Ne4 30. Rc1 Qf5 31. f4 Qg4 32. Qxg4 hxg4 33. Nh4 e6 34. Nxg6 fxg6 35. Bd3 Bf8 36. Bxe4 dxe4 37. Rc3 Bb4 38. Bxb4 Rxb4 39. Rc2 a3 40. Kg1 Rb2 41. Rf2 Kf7 42. Kf1 Ke7 43. Re2 Kd6 44. Ke1 Rb1+ 45. Kd2 Rg1 46. Kc3 Rxg3 47. Kb4 Rf3 48. Kxa3 g3 49. Kb3 Rf2 50. Re1 g2 51. Rg1 Re2 52. a4 Rxe3+ 53. Kc4 Re2 54. a5 Kc7 55. d5 Kd6 56. dxe6 Kxe6 57. Kb3 Rd2 58. a6 Rd6 59. Ra1 g1Q 60. Rxg1 Rxa6 61. Kc3 Rd6 62. Rf1 Kf5 63. Kc2 e3 64. Rd1 Rxd1 65. Kxd1 Kxf4 66. Ke2 Kxg5 0-1

[Event "Rochefort op 18th Op A"]
[Site "Rochefort"]
[Date "2019.02.21"]
[Round "8.2"]
[White "Mu, Ke"]
[Black "Sosa, Tomas Sebastian"]
[Result "0-1"]
[WhiteElo "2404"]
[BlackElo "2502"]
[PlyCount "108"]
[EventDate "2019.02.16"]
[EventType "swiss"]
[EventRounds "9"]
[EventCountry "FRA"]
[SourceTitle "CBM 189 Extra"]
[Source "ChessBase"]
[SourceDate "2019.06.03"]
[SourceVersion "1"]
[SourceVersionDate "2019.06.03"]
[SourceQuality "1"]

1. d4 d5 2. c4 e6 3. Nc3 Nf6 4. Nf3 dxc4 5. e3 a6 6. a4 Bb4 7. Bxc4 0-0 8. 0-0 b6 9. Ne5 Bb7 10. Be2 Nbd7 11. Nd3 Bd6 12. Bf3 Bxf3 13. Qxf3 c5 14. dxc5 Nxc5 15. Nxc5 bxc5 16. a5 Qc7 17. g3 Rab8 18. Ra2 Be5 19. Bd2 Nd5 20. Nxd5 exd5 21. Rc1 Qd6 22. Bc3 d4 23. exd4 cxd4 24. Bd2 Qe6 25. Ra3 Rxb2 26. Rc6 Qd7 27. Rd3 Qb7 28. Kg2 Rc8 29. Rc1 Rxc1 30. Bxc1 Rb1 31. Qxb7 Rxb7 32. Kf3 h5 33. h4 Rb5 34. Bd2 g6 35. Ra3 Kf8 36. Ra4 Ke7 37. Rc4 Kd6 38. Rc8 Rb3+ 39. Ke2 Kd5 40. Re8 f6 41. f4 Bd6 42. Rd8 Ke6 43. Ra8 Rxg3 44. Rxa6 Rg2+ 45. Kd3 Kd5 46. Rb6 Rg3+ 47. Kc2 Bc5 48. Rxf6 Kc4 49. Re6 Rb3 50. a6 d3+ 51. Kd1 Rb1+ 52. Bc1 Ra1 53. Rxg6 Be3 54. Rc6+ Kb5 0-1

[Event "Rochefort op 18th Op A"]
[Site "Rochefort"]
[Date "2019.02.17"]
[Round "3.5"]
[White "Mu, Ke"]
[Black "Sahil, Tickoo"]
[Result "1-0"]
[WhiteElo "2404"]
[BlackElo "2271"]
[PlyCount "113"]
[EventDate "2019.02.16"]
[EventType "swiss"]
[EventRounds "9"]
[EventCountry "FRA"]
[SourceTitle "CBM 189 Extra"]
[Source "ChessBase"]
[SourceDate "2019.06.03"]
[SourceVersion "1"]
[SourceVersionDate "2019.06.03"]
[SourceQuality "1"]

1. c4 e6 2. d4 Nf6 3. Nc3 d5 4. Nf3 Be7 5. Bg5 h6 6. Bxf6 Bxf6 7. e3 0-0 8. Qc2 b6 9. 0-0-0 Bb7 10. cxd5 exd5 11. h4 c5 12. dxc5 Bxc3 13. Qxc3 Nd7 14. c6 Bxc6 15. Kb1 Rc8 16. Qd4 Bb7 17. Bd3 Qf6 18. Rc1 a5 19. h5 Qxd4 20. Nxd4 Nc5 21. Bf5 Rce8 22. b3 Re7 23. Rh4 Ne6 24. Rg4 Nxd4 25. Rxd4 g6 26. Bg4 Rd8 27. Rcd1 Kg7 28. Bf3 Red7 29. hxg6 fxg6 30. e4 Rd6 31. exd5 h5 32. Kb2 R8d7 33. Be4 Kf6 34. f4 g5 35. fxg5+ Kxg5 36. Bf3 Rh7 37. Re1 h4 38. Rh1 Bc8 39. Rc4 Bf5 40. Rc6 Rhd7 41. Rxd6 Rxd6 42. Kc3 Rh6 43. Kd4 Kf6 44. Rc1 Ke7 45. Ke5 Bd7 46. Rc7 Kd8 47. Ra7 h3 48. gxh3 Bxh3 49. d6 Re6+ 50. Kd5 Re3 51. Be4 Rc3 52. Kd4 Rc1 53. Rb7 a4 54. bxa4 Be6 55. Ke5 Bxa2 56. Bf5 Rc5+ 57. Kf6 1-0

[Event "Kavala op 27th"]
[Site "Kavala"]
[Date "2018.08.05"]
[Round "1"]
[White "Leftheriotis, Alexandros"]
[Black "Mu, Ke"]
[Result "0-1"]
[WhiteElo "2027"]
[BlackElo "2446"]
[PlyCount "52"]
[EventDate "2018.08.05"]
[EventType "swiss"]
[EventRounds "9"]
[EventCountry "GRE"]
[SourceTitle "CBM 186 Extra"]
[Source "ChessBase"]
[SourceDate "2018.08.24"]
[SourceVersion "1"]
[SourceVersionDate "2018.08.24"]
[SourceQuality "1"]

1. e4 e6 2. d4 d5 3. Nd2 Nc6 4. Ngf3 Nf6 5. e5 Nd7 6. Nb3 a5 7. a4 Be7 8. Bb5 Na7 9. Bd3 b6 10. 0-0 0-0 11. c3 c5 12. dxc5 bxc5 13. Nbd2 Nc6 14. Re1 Ba6 15. Bxa6 Rxa6 16. Qe2 Rb6 17. Nf1 Qb8 18. Rb1 Bd8 19. Bf4 Bc7 20. Ng3 Ne7 21. Nh5 Ng6 22. Qe3 f6 23. Nxg7 Nxf4 24. Qxf4 Kxg7 25. exf6+ Rxf6 26. Qg5+ Kh8 0-1

[Event "Helsingor Xtracon op"]
[Site "Helsingor"]
[Date "2018.07.25"]
[Round "6"]
[White "Mu, Ke"]
[Black "Jobava, Baadur"]
[Result "1/2-1/2"]
[WhiteElo "2455"]
[BlackElo "2644"]
[PlyCount "39"]
[EventDate "2018.07.21"]
[EventType "swiss"]
[EventRounds "10"]
[EventCountry "DEN"]
[SourceTitle "CBM 185 Extra"]
[Source "ChessBase"]
[SourceDate "2018.07.29"]
[SourceVersion "1"]
[SourceVersionDate "2018.07.29"]
[SourceQuality "1"]

1. d4 d5 2. c4 c6 3. Nf3 Nf6 4. cxd5 cxd5 5. Nc3 Nc6 6. Bf4 Bf5 7. e3 e6 8. Bd3 Bxd3 9. Qxd3 Bd6 10. Bxd6 Qxd6 11. 0-0 0-0 12. Rac1 Rfc8 13. a3 Qd8 14. Rc2 Ne7 15. Rfc1 h6 16. Ne2 Rxc2 17. Rxc2 Rc8 18. Rxc8 Qxc8 19. Qc3 Qxc3 20. Nxc3 1/2-1/2

[Event "CHN-chT"]
[Site "Hangzhou"]
[Date "2018.06.20"]
[Round "3.4"]
[White "Yu, Shaoteng"]
[Black "Mu, Ke"]
[Result "1-0"]
[WhiteElo "2469"]
[BlackElo "2460"]
[PlyCount "97"]
[EventDate "2018.06.19"]
[EventType "team-swiss"]
[EventRounds "9"]
[EventCountry "CHN"]
[SourceTitle "CBM 185 Extra"]
[Source "ChessBase"]
[SourceDate "2018.07.29"]
[SourceVersion "1"]
[SourceVersionDate "2018.07.29"]
[SourceQuality "1"]
[WhiteTeam "Guangdong"]
[BlackTeam "Qingdao"]
[WhiteTeamCountry "CHN"]
[BlackTeamCountry "CHN"]

1. e4 e6 2. d4 d5 3. Nd2 Nc6 4. Ngf3 Nf6 5. e5 Nd7 6. Be2 f6 7. exf6 Qxf6 8. Nf1 Bd6 9. Ne3 0-0 10. 0-0 Qf7 11. c4 Nf6 12. c5 Bf4 13. Nc2 Ne4 14. Bxf4 Qxf4 15. Nce1 Qf6 16. Bb5 Bd7 17. Nd3 Qh6 18. Qc1 Qh5 19. Qe3 e5 20. Bxc6 exd4 21. Nxd4 Bxc6 22. f3 Qg5 23. Rfe1 Qxe3+ 24. Rxe3 Ng5 25. h4 Nf7 26. Re7 Rac8 27. Nxc6 bxc6 28. Rae1 a5 29. b3 Nd8 30. Ne5 Nb7 31. Nd7 Rfd8 32. R1e5 h6 33. g4 Rxd7 34. Rxd7 Nxc5 35. Rde7 Kf8 36. Re2 a4 37. b4 Ne4 38. Re6 Nd6 39. g5 hxg5 40. hxg5 Re8 41. g6 Rb8 42. a3 Nb5 43. Rh2 Kg8 44. Re7 Rf8 45. Rh7 Rd8 46. Rexg7+ Kf8 47. f4 Rd6 48. f5 Nd4 49. Rxc7 1-0

[Event "Vandoeuvre op 14th"]
[Site "Vandoeuvre"]
[Date "2018.01.03"]
[Round "4"]
[White "Mu, Ke"]
[Black "Kryakvin, Dmitry"]
[Result "1/2-1/2"]
[WhiteElo "2436"]
[BlackElo "2580"]
[PlyCount "67"]
[EventDate "2018.01.02"]
[EventType "swiss"]
[EventRounds "9"]
[EventCountry "FRA"]
[SourceTitle "CBM 182 Extra"]
[Source "ChessBase"]
[SourceDate "2018.02.23"]
[SourceVersion "1"]
[SourceVersionDate "2018.02.23"]
[SourceQuality "1"]

1. c4 c5 2. g3 Nc6 3. Bg2 g6 4. Nc3 Bg7 5. Nf3 e6 6. 0-0 Nge7 7. d4 cxd4 8. Nb5 d5 9. cxd5 Nxd5 10. Nfxd4 0-0 11. e4 Ndb4 12. Be3 Bd7 13. Qb3 Nxd4 14. Nxd4 Qa5 15. Bd2 Bxd4 16. Bxb4 Qb6 17. Bxf8 Rxf8 18. Qxb6 axb6 19. e5 Bxe5 20. Bxb7 Bxb2 21. Rad1 Bb5 22. Rfe1 Bc3 23. Re3 Ba5 24. a3 Rb8 25. Bf3 Rc8 26. Be2 Ba4 27. Rd6 Kf8 28. Rd4 Rc1+ 29. Kg2 Bc6+ 30. Bf3 Bb5 31. Be2 Bc6+ 32. Bf3 Bb5 33. Be2 Bc6+ 34. Bf3 1/2-1/2

[Event "Boeblingen op 34th"]
[Site "Boeblingen"]
[Date "2017.12.30"]
[Round "9"]
[White "Mu, Ke"]
[Black "Rosner, Jonas"]
[Result "1/2-1/2"]
[WhiteElo "2436"]
[BlackElo "2418"]
[PlyCount "23"]
[EventDate "2017.12.26"]
[EventType "swiss"]
[EventRounds "9"]
[EventCountry "GER"]
[SourceTitle "CBM 182 Extra"]
[Source "ChessBase"]
[SourceDate "2018.02.23"]
[SourceVersion "1"]
[SourceVersionDate "2018.02.23"]
[SourceQuality "1"]

1. d4 d5 2. c4 e6 3. Nc3 Nf6 4. Nf3 Be7 5. Bf4 0-0 6. e3 b6 7. Bd3 dxc4 8. Bxc4 Ba6 9. Bxa6 Nxa6 10. 0-0 c5 11. Qe2 Qc8 12. Rac1 1/2-1/2

[Event "Barcelona Sants op 19th"]
[Site "Barcelona"]
[Date "2017.08.22"]
[Round "5"]
[White "Kholopov, Alexander A"]
[Black "Mu, Ke"]
[Result "1/2-1/2"]
[WhiteElo "2306"]
[BlackElo "2411"]
[PlyCount "42"]
[EventDate "2017.08.18"]
[EventType "swiss"]
[EventRounds "10"]
[EventCountry "ESP"]
[SourceTitle "CBM 180 Extra"]
[Source "ChessBase"]
[SourceDate "2017.10.06"]
[SourceVersion "1"]
[SourceVersionDate "2017.10.06"]
[SourceQuality "1"]

1. c4 Nf6 2. Nc3 d5 3. cxd5 Nxd5 4. Nf3 c5 5. e4 Nb4 6. Bb5+ N8c6 7. d4 cxd4 8. a3 Qb6 9. Bxc6+ Nxc6 10. Nd5 Qd8 11. Bf4 e5 12. Bxe5 Nxe5 13. Nxe5 Bd6 14. Qxd4 0-0 15. 0-0 Re8 16. Nc4 Bb8 17. a4 b6 18. Rad1 Ba6 19. Rfe1 Qc8 20. Rc1 Qd8 21. Rcd1 Qc8 1/2-1/2

[Event "Riga Tech op 7th"]
[Site "Riga"]
[Date "2017.08.12"]
[Round "8"]
[White "Sanal, Vahap"]
[Black "Mu, Ke"]
[Result "0-1"]
[WhiteElo "2539"]
[BlackElo "2411"]
[PlyCount "106"]
[EventDate "2017.08.07"]
[EventType "swiss"]
[EventRounds "9"]
[EventCountry "LAT"]
[SourceTitle "CBM 179 Extra"]
[Source "ChessBase"]
[SourceDate "2017.08.23"]
[SourceVersion "1"]
[SourceVersionDate "2017.08.23"]
[SourceQuality "1"]

1. Nf3 Nf6 2. g3 g6 3. b3 Bg7 4. Bb2 d5 5. c4 c6 6. Bg2 0-0 7. 0-0 Bg4 8. d3 Nbd7 9. Nc3 e5 10. h3 Bxf3 11. Bxf3 d4 12. Ne4 Nxe4 13. Bxe4 a5 14. Bg2 h5 15. h4 Nf6 16. b4 axb4 17. Qb3 Re8 18. Qxb4 e4 19. Bc1 Qc8 20. Bg5 e3 21. Bxf6 Bxf6 22. f4 Qc7 23. Rfb1 Re7 24. a4 Qd7 25. Kh2 Qg4 26. Bf3 Qf5 27. Qe1 Rd7 28. Bg2 Qc5 29. Bh3 Rc7 30. Rb3 Be7 31. Qb1 Ra7 32. Ra2 Qd6 33. Qe1 Bd8 34. Bg2 Re7 35. a5 f6 36. Qb4 Qxb4 37. Rxb4 Rxa5 38. Rab2 Ra7 39. f5 gxf5 40. c5 Bc7 41. Rxd4 Rg7 42. Rb1 Bxg3+ 43. Kh1 Rg4 44. Rd7 Rxh4+ 45. Kg1 Bf2+ 46. Kf1 Rg4 47. Rd8+ Kg7 48. Rd7+ Kh6 49. Rd8 h4 50. Rh8+ Kg7 51. Rh5 f4 52. d4 f5 53. Rc1 Ra8 0-1

[Event "Riga Tech op 7th"]
[Site "Riga"]
[Date "2017.08.10"]
[Round "6"]
[White "Zeng, Chongsheng"]
[Black "Mu, Ke"]
[Result "1-0"]
[WhiteElo "2537"]
[BlackElo "2411"]
[PlyCount "135"]
[EventDate "2017.08.07"]
[EventType "swiss"]
[EventRounds "9"]
[EventCountry "LAT"]
[SourceTitle "CBM 179 Extra"]
[Source "ChessBase"]
[SourceDate "2017.08.23"]
[SourceVersion "1"]
[SourceVersionDate "2017.08.23"]
[SourceQuality "1"]

1. e4 e5 2. Nf3 Nc6 3. Bc4 Bc5 4. c3 Nf6 5. d4 exd4 6. e5 d5 7. Bb5 Ne4 8. cxd4 Bb6 9. Nc3 0-0 10. Be3 a6 11. Bd3 Bg4 12. 0-0 Nxc3 13. bxc3 f6 14. exf6 Qxf6 15. Be2 Kh8 16. h3 Bh5 17. Qb3 Qd6 18. Qc2 Bxf3 19. Bxf3 Na5 20. Bg5 c6 21. Bh4 Bc7 22. Bg3 Qd8 23. Bxc7 Qxc7 24. Be2 b5 25. Bd3 g6 26. Rae1 Rae8 27. Rxe8 Rxe8 28. f4 Rf8 29. Qf2 Qe7 30. Re1 Qf7 31. f5 Nc4 32. g4 gxf5 33. Bxf5 Re8 34. Rxe8+ Qxe8 35. Bd7 Qe7 36. Bxc6 Ne3 37. Qf3 Kg7 38. Ba8 h6 39. Kf2 Nc2 40. Qe2 Qf8+ 41. Kg2 Qxa8 42. Qxc2 Qc8 43. Qd3 Qe6 44. Kf3 Qf6+ 45. Qf5 Qc6 46. Qe5+ Kg6 47. Qe3 Qc8 48. h4 Qc6 49. h5+ Kf7 50. Kg3 Kf8 51. Kh4 Qf6+ 52. Kg3 Qc6 53. Kf3 Kf7 54. a3 Kf8 55. Kf2 Kf7 56. Ke1 Kf8 57. Qf4+ Kg7 58. Qe5+ Kf7 59. Kd2 Kg8 60. Qe7 Kh8 61. Kc2 Kg8 62. Kb2 Kh8 63. Qf8+ Kh7 64. Qf7+ Kh8 65. Qe7 Kg8 66. g5 hxg5 67. Qxg5+ Kh7 68. h6 1-0

[Event "Riga Tech op 7th"]
[Site "Riga"]
[Date "2017.08.09"]
[Round "4"]
[White "Zakhartsov, Viacheslav V"]
[Black "Mu, Ke"]
[Result "1/2-1/2"]
[WhiteElo "2539"]
[BlackElo "2411"]
[PlyCount "42"]
[EventDate "2017.08.07"]
[EventType "swiss"]
[EventRounds "9"]
[EventCountry "LAT"]
[SourceTitle "CBM 179 Extra"]
[Source "ChessBase"]
[SourceDate "2017.08.23"]
[SourceVersion "1"]
[SourceVersionDate "2017.08.23"]
[SourceQuality "1"]

1. Nf3 Nf6 2. c4 c6 3. Nc3 d5 4. e3 e6 5. d4 Nbd7 6. Qc2 Bd6 7. Bd3 dxc4 8. Bxc4 b5 9. Be2 Bb7 10. 0-0 0-0 11. e4 e5 12. dxe5 Nxe5 13. Nh4 Bc8 14. Nf5 Bxf5 15. exf5 Re8 16. Rd1 Qc7 17. h3 Rac8 18. Be3 Ned7 19. Bf3 Ne5 20. Be2 Ned7 21. Bf3 Ne5 1/2-1/2

[Event "Kavala op 26th"]
[Site "Kavala"]
[Date "2017.07.30"]
[Round "3"]
[White "Mu, Ke"]
[Black "Bortnyk, Olexandr"]
[Result "1/2-1/2"]
[WhiteElo "2416"]
[BlackElo "2585"]
[PlyCount "49"]
[EventDate "2017.07.28"]
[EventType "swiss"]
[EventRounds "9"]
[EventCountry "GRE"]
[SourceTitle "CBM 179 Extra"]
[Source "ChessBase"]
[SourceDate "2017.08.23"]
[SourceVersion "1"]
[SourceVersionDate "2017.08.23"]
[SourceQuality "1"]

1. d4 e6 2. Nf3 c5 3. g3 Nc6 4. Bg2 cxd4 5. Nxd4 Nf6 6. 0-0 Qb6 7. Nb3 d5 8. Be3 Qa6 9. a4 Bd6 10. Nc3 0-0 11. Nb5 Bb8 12. Qc1 Na5 13. Nc5 Qc6 14. b4 Nc4 15. Bg5 a5 16. c3 b6 17. Bxf6 gxf6 18. Nd3 axb4 19. e4 dxe4 20. Nxb4 Qb7 21. Re1 f5 22. Qg5+ Kh8 23. Qf6+ Kg8 24. Qg5+ Kh8 25. Qf6+ 1/2-1/2